000 003990000a22001690004500
003 MACL
005 20160105121201.0
008 160105b xxu||||| |||| 00| 0 eng d
040 _aMACL
_cMACL
041 _aEnglish
082 _a823/WIN
100 _aWindus, & Chatto
_927803
245 _aHumdrum
260 _bChatto& Windus
_c1928
_aBritain
650 _aNovel
_9153
942 _cBK
_k823/Act
_2ddc
999 _c36453
_d36453